00470nam a22001697a 450000500170000001000140001702000260003103500130005703700130007008200060008310000190008924500610010826000330016927000650020230000210026765000120028820100811154534.0 aENG-99683 a9788188631574c300.00 aEN-83215 bDBAD/PUB aS aKhatry, Vikash aWorld famous science fiction stories /cby Vikash Khatry aDelhibKunal Prakashanc2010 aL-46, Street No.5, Shivaji Marg, Kartar NagarbDelhie110053 a208p.c22cm (Hb) aStories